000 00791nam a2200217Ia 4500
001 11332
003 GE_BSU
008 181216s||||||||xx |||||||||||||| ||und||
040 _cGE_BSU
080 _a631.4(479.22)
100 _aლორთქიფანიძე როზა
245 _aიმერეთის ნიადაგები და სოფლის მეურნეობა
245 _cრედ: ქეთინო ლოთქიფანიძე
260 _aთბილისი
260 _bსაქართველო
260 _c1997
300 _a336გვ.20სმ
300 _eცხრილები
653 _aიმერეთის ნიადაგები და სოფლის მეურნეობა
942 _cBK
999 _c44529
_d44529